书目信息 |
| 题名: |
叩问丛林:玛雅文明探秘
|
|
| 作者: | 朱龙华 著 | |
| 分册: | ||
| 出版信息: | 昆明 云南人民出版社 1999.04 |
|
| 页数: | 237页 | |
| 开本: | 32开 | |
| 丛书名: | ||
| 单 册: | ||
| 中图分类: | K125-49 | |
| 科图分类: | ||
| 主题词: | 世界史:古代史 , 奴隶制城邦 | |
| 电子资源: | ||
| ISBN: | 7-222-02734-3 | |
| 000 | 00567nam0 2200193 45 | |
| 001 | 0103191494 | |
| 005 | 20140930152629.33 | |
| 010 | @a7-222-02734-3@d12.80元 | |
| 100 | @a20010319d1999 km y0chiy0120 ea | |
| 101 | 0 | @achi |
| 200 | 1 | @a叩问丛林:玛雅文明探秘@AKou Wen Cong Lin:Ma Ya Wen Ming Tan Mi@f朱龙华著@FZhu Long Hua Zhu |
| 210 | @a昆明@c云南人民出版社@d1999.04 | |
| 215 | @a237页@d32开 | |
| 606 | 0 | @a世界史:古代史 |
| 606 | 0 | @a奴隶制城邦 |
| 690 | @aK125-49@v3 | |
| 701 | 0 | @a朱龙华@4著 |
| 801 | @aCN@bPftUser@c20010319 | |
| 905 | @b330104-107@dK125-49@eZH323@f4 | |
| 叩问丛林:玛雅文明探秘/朱龙华著.-昆明:云南人民出版社,1999.04 |
| 237页;32开 |
| ISBN 7-222-02734-3:12.80元 |
| ● |
| 相关链接 |
|
|
|
正题名:叩问丛林:玛雅文明探秘
索取号:K125-49/ZH323
 
预约/预借
| 序号 | 登录号 | 条形码 | 馆藏地/架位号 | 状态 | 备注 |
| 1 | 330104 | 203301042 | 社科库309/ [索取号:K125-49/ZH323] | 在馆 | |
| 2 | 330105 | 203301051 | 社科库309/309社科库 104排6列1层/ [索取号:K125-49/ZH323] | 在馆 | |
| 3 | 330106 | 203301060 | 社科库309/309社科库 104排6列1层/ [索取号:K125-49/ZH323] | 在馆 | |
| 4 | 330107 | 203301079 | 自科二线404/400A自科库 48排1列1层/ [索取号:K125-49/ZH323] | 在馆 | |
| 5 | 494425 | 204944258 | 社科库309/422社科库 25排1列1层/ [索取号:K125-49/ZH323] | 在馆 |